| 000 | 00734nam a2200265Ia 4500 | ||
|---|---|---|---|
| 003 | 0100 | ||
| 008 | 130303s9999 xx 000 0 und d | ||
| 020 | _a0521654084 | ||
| 040 | _cARRUPELIB | ||
| 050 | _aB2758.G74 1996 | ||
| 100 | _aKant, Immanuel | ||
| 245 | _aPractical philosophy | ||
| 260 | _aCambridge | ||
| 260 | _bCambridge University Press | ||
| 260 | _C1996 | ||
| 300 | _axxxiii | ||
| 300 | _b 668p. 24cm. | ||
| 440 | _aThe Cambridge edition of the works of Immanuel Kant | ||
| 650 | _aPHILOSOPHY | ||
| 650 | _bEthics, Modern -- 17th century | ||
| 650 | _cAutonomy (Philosophy)--History--17th century | ||
| 650 | _dEthics, Modern -- 18th century | ||
| 700 | _aGregor, Mary J. (ed., tr.) | ||
| 942 | 0 | 0 | _07 |
| 999 |
_c13203 _d13203 |
||